Logo BPK

Biblioteka

Politechniki Koszalińskiej

Obliczenia z chemii nieorganicznej / (Rekord nr 2441)

Szczegóły MARC
000 -ETYKIETA REKORDU
podpole kontrolne o stałej długości 00465nam a2200181 i 4500
001 - NUMER KONTROLNY REKORDU
pole kontrolne bg
040 ## - ŹRÓDŁO KATALOGOWANIA
Instytucja, która utworzyła rekord BPK
041 ## - KOD JĘZYKA
Kod języka tekstu pol
080 ## - UNIWERSALNA KLASYFIKACJA DZIESIĘTNA - UKD
UKD 546(075.8)(076)
008 - POLE O STAŁEJ DŁUGOŚCI - DANE KONTROLNE
podpole kontrolne o stałej długości s pl f |000 0 pol
100 1# - NAZWA OSOBOWA
Nazwa osobowa BĄDKOWSKA, Zofia
245 #0 - TYTUŁ/ODPOWIEDZIALNOŚĆ
Tytuł Obliczenia z chemii nieorganicznej /
Pozostałe elementy strefy tytułu i oznaczenia odpowiedzialności A. Bądkowska, E. Koliński, M. Wojnowska.
250 ## - STREFA WYDANIA
Oznaczenie wydania Wyd.4.
260 ## - STREFA ADRESU WYDAWNICZEGO
Miejsce wydania Gdańsk,
Data publikacji, dystrybucji/powstania dokumentu 1984.
700 1# - HASŁO DODATKOWE - NAZWA OSOBOWA
Nazwa osobowa KOLIŃSKI, Edmund
700 1# - HASŁO DODATKOWE - NAZWA OSOBOWA
Nazwa osobowa WOJNOWSKA, Maria
856 ## - LOKALIZACJA I DOSTĘP DO ELEKTRONICZNYCH DOKUMENTÓW ZDALNYCH
Link (URL) http://koha.tu.koszalin.pl/cgi-bin/koha/opac-detail.pl?biblionumber=2441
Tekst linku Katalog online BPK
942 ## - DODATKOWE ELEMENTY (KOHA)
Typ dokumentu Książka
Egzemplarze
Wycofany Status egzemplarza Uszkodzony Dostępność Lokalizacja stała Lokalizacja bieżąca Miejsce przechowywania Sygnatura Kod kreskowy Typ dokumentu
      Dostępny Biblioteka Politechniki Koszalińskiej Biblioteka Politechniki Koszalińskiej Wypożyczalnia BG P 34232 01063158 Książka
© 2023 Biblioteka Politechniki Koszalińskiej :: KOHA